[Event "Bodensee Seniors op"]
[Site "Bregenz"]
[Date "2023.05.14"]
[Round "2"]
[White "Hilbig, Olaf"]
[Black "Sand, Rolf"]
[Result "1-0"]
[WhiteElo "2027"]
[BlackElo "1848"]
[PlyCount "51"]
[EventDate "2023.05.13"]
[EventType "swiss"]
[EventRounds "7"]
[EventCountry "AUT"]
[SourceTitle "CBM 214 Extra"]
[Source "ChessBase"]
[SourceDate "2023.07.31"]
[SourceVersion "1"]
[SourceVersionDate "2023.07.31"]
[SourceQuality "1"]

1. d4 Nf6 2. Nc3 d5 3. Bg5 e6 4. e4 dxe4 5. Nxe4 Be7 6. Bxf6 Bxf6 7. Nf3 0-0 8. c3 b6 9. Bd3 Bb7 10. Qe2 Nd7 11. 0-0-0 Qe7 12. h4 c5 13. Kb1 cxd4 14. cxd4 e5 15. Nxf6+ Qxf6 16. Ng5 g6 17. Nxh7 Kxh7 18. h5 Kg7 19. Qg4 e4 20. hxg6 Qxg6 21. Qxd7 Bc6 22. Qc7 exd3 23. Rh3 d2+ 24. Ka1 Qc2 25. Rg3+ Kf6 26. Qe5# 1-0

[Event "Rottach Egern Seniors Cup 9th"]
[Site "Rottach Egern"]
[Date "2021.10.26"]
[Round "5"]
[White "Astengo, Corrado"]
[Black "Sand, Rolf"]
[Result "1-0"]
[WhiteElo "2072"]
[BlackElo "1932"]
[PlyCount "49"]
[EventDate "2021.10.22"]
[EventType "swiss"]
[EventRounds "7"]
[EventCountry "GER"]
[SourceTitle "CBM 204 Extra"]
[Source "ChessBase"]
[SourceDate "2021.11.30"]
[SourceVersion "1"]
[SourceVersionDate "2021.11.30"]
[SourceQuality "1"]

1. e4 c5 2. Nf3 d6 3. d4 cxd4 4. Nxd4 Nf6 5. Nc3 a6 6. Bg5 e6 7. f4 h6 8. Bh4 Qb6 9. Qd2 Qxb2 10. Rb1 Qa3 11. e5 dxe5 12. fxe5 Nfd7 13. Be2 Be7 14. Bg3 0-0 15. 0-0 Qc5 16. Ne4 Qc7 17. Qf4 Nc6 18. Nxc6 bxc6 19. Bc4 Nb6 20. Bd3 Nd5 21. Qf3 a5 22. Nf6+ gxf6 23. exf6 Qa7+ 24. Bf2 Bc5 25. Qg3+ 1-0

[Event "Bodensee Seniors op"]
[Site "Bregenz"]
[Date "2019.05.30"]
[Round "5"]
[White "Neumann, Horst"]
[Black "Sand, Rolf"]
[Result "1/2-1/2"]
[WhiteElo "1824"]
[BlackElo "2013"]
[PlyCount "34"]
[EventDate "2019.05.26"]
[EventType "swiss"]
[EventRounds "7"]
[EventCountry "AUT"]
[SourceTitle "CBM 190 Extra"]
[Source "ChessBase"]
[SourceDate "2019.07.15"]
[SourceVersion "1"]
[SourceVersionDate "2019.07.15"]
[SourceQuality "1"]

1. d4 Nf6 2. Bg5 d5 3. Nd2 c5 4. Bxf6 gxf6 5. e3 Nc6 6. c3 cxd4 7. cxd4 Bf5 8. Bb5 Qb6 9. Qb3 a6 10. Bxc6+ Qxc6 11. Ne2 Bc2 12. Qc3 Qxc3 13. Nxc3 e6 14. Ke2 Bb4 15. Rac1 Bxc3 16. Rxc2 Bxd2 17. Kxd2 Kd7 1/2-1/2

[Event "Wch Seniors 65 28th"]
[Site "Bled"]
[Date "2018.11.27"]
[Round "9"]
[White "Sand, Rolf"]
[Black "Frey, Armin"]
[Result "1-0"]
[WhiteElo "1989"]
[BlackElo "1859"]
[PlyCount "67"]
[EventDate "2018.11.18"]
[EventType "swiss"]
[EventRounds "11"]
[EventCountry "SLO"]
[SourceTitle "CBM 187 Extra"]
[Source "ChessBase"]
[SourceDate "2018.11.04"]
[SourceVersion "1"]
[SourceVersionDate "2018.11.04"]
[SourceQuality "1"]

1. c4 f5 2. g3 Nf6 3. Bg2 e6 4. Nf3 Be7 5. 0-0 0-0 6. Nc3 Nc6 7. d4 d5 8. b3 a6 9. Bb2 Ne4 10. e3 Bf6 11. Ne2 Qe8 12. Nf4 g5 13. Nd3 Ne7 14. Nfe5 Nd6 15. Rc1 c6 16. Ba3 Nf7 17. Nxf7 Qxf7 18. Bd6 Bd7 19. f4 g4 20. b4 h5 21. Nc5 Bc8 22. a4 Rd8 23. Bxe7 Qxe7 24. Qb3 b6 25. Nd3 Bb7 26. a5 Qc7 27. axb6 Qxb6 28. Nc5 Kf7 29. Rb1 Bc8 30. Rf2 Be7 31. Nd3 Kf6 32. Rfb2 Rh8 33. Nc5 Bb7 34. Nd7+ 1-0

[Event "Wch Seniors 65 28th"]
[Site "Bled"]
[Date "2018.11.26"]
[Round "8"]
[White "Haubt, Georg"]
[Black "Sand, Rolf"]
[Result "1-0"]
[WhiteElo "2136"]
[BlackElo "1989"]
[PlyCount "51"]
[EventDate "2018.11.18"]
[EventType "swiss"]
[EventRounds "11"]
[EventCountry "SLO"]
[SourceTitle "CBM 187 Extra"]
[Source "ChessBase"]
[SourceDate "2018.11.04"]
[SourceVersion "1"]
[SourceVersionDate "2018.11.04"]
[SourceQuality "1"]

1. d4 Nf6 2. Bf4 g6 3. Nd2 Bg7 4. e4 d6 5. c3 0-0 6. Ngf3 c5 7. h3 cxd4 8. cxd4 d5 9. e5 Ne4 10. Bd3 Nxd2 11. Bxd2 Nc6 12. 0-0 f6 13. Re1 fxe5 14. dxe5 Bf5 15. Bc3 Bxd3 16. Qxd3 e6 17. b4 a6 18. a4 Rf5 19. Rad1 Qf8 20. b5 axb5 21. axb5 Na5 22. Nd4 Qf7 23. Nxf5 gxf5 24. Ra1 b6 25. Qd2 Qc7 26. Rec1 1-0

[Event "EU-ch Seniors 65 18th"]
[Site "Drammen"]
[Date "2018.08.07"]
[Round "4"]
[White "Vinke, Dietmar"]
[Black "Sand, Rolf"]
[Result "1/2-1/2"]
[WhiteElo "2166"]
[BlackElo "1990"]
[PlyCount "33"]
[EventDate "2018.08.04"]
[EventType "swiss"]
[EventRounds "9"]
[EventCountry "NOR"]
[SourceTitle "CBM 186 Extra"]
[Source "ChessBase"]
[SourceDate "2018.08.24"]
[SourceVersion "1"]
[SourceVersionDate "2018.08.24"]
[SourceQuality "1"]

1. Nf3 c5 2. g3 Nc6 3. Bg2 g6 4. 0-0 Bg7 5. e4 d6 6. d3 e5 7. Nc3 Nge7 8. Be3 0-0 9. Qd2 Nd4 10. Nh4 Be6 11. Nd1 Qd7 12. c3 Ndc6 13. f4 exf4 14. gxf4 f5 15. Rf2 b6 16. exf5 Nxf5 17. Nxf5 1/2-1/2

[Event "GER-chA Seniors 29th"]
[Site "Berlin"]
[Date "2017.08.11"]
[Round "4"]
[White "Sand, Rolf"]
[Black "Haubt, Georg"]
[Result "0-1"]
[WhiteElo "2031"]
[BlackElo "2183"]
[PlyCount "78"]
[EventDate "2017.08.07"]
[EventType "swiss"]
[EventRounds "9"]
[EventCountry "GER"]
[SourceTitle "EXT 2019"]
[Source "ChessBase"]
[SourceDate "2018.10.10"]
[SourceVersion "1"]
[SourceVersionDate "2018.10.10"]
[SourceQuality "1"]

1. c4 c5 2. g3 Nc6 3. Bg2 d6 4. Nf3 Bf5 5. Nc3 Qd7 6. 0-0 Bh3 7. d4 Bxg2 8. Kxg2 cxd4 9. Nxd4 g6 10. e4 Bg7 11. Be3 Nf6 12. f3 0-0 13. Rc1 e6 14. Nde2 Rfe8 15. Qd2 Rad8 16. Rfd1 Qe7 17. Nf4 a6 18. Bb6 Rd7 19. Re1 g5 20. Nd3 h6 21. Rcd1 Qf8 22. Qf2 Rc8 23. Rc1 Re7 24. e5 Ne8 25. exd6 Nxd6 26. Ne4 Nxe4 27. Rxe4 f5 28. Ree1 Qf6 29. f4 Qg6 30. Rcd1 Rce8 31. Ne5 Nxe5 32. fxe5 Rf7 33. Qc2 Bf8 34. c5 Rc8 35. Rd8 Rxd8 36. Bxd8 Rd7 37. Bb6 Rd5 38. Rd1 Rxe5 39. Rd7 Qh5 0-1

[Event "Baden Wuerttemberg-ch Seniors op 3rd"]
[Site "Freudenstadt"]
[Date "2017.07.01"]
[Round "2"]
[White "Sand, Rolf"]
[Black "Ackermann, Hans Werner"]
[Result "0-1"]
[WhiteElo "2011"]
[BlackElo "2290"]
[PlyCount "56"]
[EventDate "2017.06.30"]
[EventType "swiss"]
[EventRounds "9"]
[EventCountry "GER"]
[SourceTitle "EXT 2019"]
[Source "ChessBase"]
[SourceDate "2018.10.10"]
[SourceVersion "1"]
[SourceVersionDate "2018.10.10"]
[SourceQuality "1"]

1. c4 d6 2. g3 g6 3. Bg2 Bg7 4. Nc3 Nc6 5. e4 e5 6. Nge2 Be6 7. d3 Qd7 8. Nd5 Nd8 9. d4 f5 10. exf5 gxf5 11. 0-0 c6 12. Ne3 Ne7 13. dxe5 dxe5 14. Qxd7+ Bxd7 15. f4 Nf7 16. Bd2 exf4 17. gxf4 0-0-0 18. Bc3 Rhg8 19. Kh1 Nh6 20. Rad1 Ng6 21. Bxg7 Rxg7 22. Ng3 Re7 23. Nc2 Nh4 24. Rfe1 Rg7 25. Nd4 Nxg2 26. Kxg2 Rg4 27. Kf3 Rh4 28. Re2 c5 0-1

[Event "Wch Seniors 65 26th"]
[Site "Marianske Lazne"]
[Date "2016.11.26"]
[Round "7"]
[White "Sand, Rolf"]
[Black "Green, Per"]
[Result "1/2-1/2"]
[WhiteElo "2068"]
[BlackElo "1967"]
[PlyCount "59"]
[EventDate "2016.11.19"]
[EventType "swiss"]
[EventRounds "11"]
[EventCountry "CZE"]
[SourceTitle "CBM 175 Extra"]
[Source "ChessBase"]
[SourceDate "2016.12.12"]
[SourceVersion "1"]
[SourceVersionDate "2016.12.12"]
[SourceQuality "1"]

1. c4 e5 2. g3 Nf6 3. Bg2 Nc6 4. Nc3 Bc5 5. Nf3 d6 6. 0-0 0-0 7. d3 h6 8. e3 Re8 9. a3 a6 10. b4 Bb6 11. Bb2 Bf5 12. Rc1 Qd7 13. Re1 Bh3 14. Nd5 Nxd5 15. cxd5 Ne7 16. e4 Bxg2 17. Kxg2 a5 18. d4 f6 19. Qb3 Kh7 20. Qc4 axb4 21. axb4 Ra4 22. Ra1 Rea8 23. Rxa4 Rxa4 24. Ra1 Rxa1 25. Bxa1 Qg4 26. dxe5 fxe5 27. h3 Qd7 28. b5 Qe8 29. Bc3 Qa8 30. Ne1 1/2-1/2

[Event "Wch Seniors 65 26th"]
[Site "Marianske Lazne"]
[Date "2016.11.22"]
[Round "4"]
[White "Kopecek, Ivan"]
[Black "Sand, Rolf"]
[Result "1-0"]
[WhiteElo "1910"]
[BlackElo "2068"]
[PlyCount "67"]
[EventDate "2016.11.19"]
[EventType "swiss"]
[EventRounds "11"]
[EventCountry "CZE"]
[SourceTitle "CBM 175 Extra"]
[Source "ChessBase"]
[SourceDate "2016.12.12"]
[SourceVersion "1"]
[SourceVersionDate "2016.12.12"]
[SourceQuality "1"]

1. e4 c5 2. Nf3 d6 3. d4 cxd4 4. Nxd4 Nf6 5. Nc3 a6 6. Bc4 e6 7. Bb3 b5 8. 0-0 Be7 9. Qf3 Qb6 10. Be3 Qc7 11. Qg3 0-0 12. Bh6 Ne8 13. Rad1 Kh8 14. Be3 Nf6 15. f3 Nc6 16. Nxc6 Qxc6 17. Rd2 Bb7 18. Rfd1 Rfd8 19. Ne2 Qe8 20. c3 d5 21. e5 Nd7 22. Bd4 Nc5 23. Bc2 a5 24. Nf4 b4 25. Nh5 Qf8 26. Bf2 f5 27. exf6 Bxf6 28. Nxf6 gxf6 29. Rd4 e5 30. Rh4 e4 31. Bd4 Nd7 32. fxe4 dxe4 33. Rf1 Qg8 34. Rxf6 1-0

[Event "Wch Seniors 65 26th"]
[Site "Marianske Lazne"]
[Date "2016.11.20"]
[Round "2"]
[White "Van Riemsdijk, Herman Claudius"]
[Black "Sand, Rolf"]
[Result "1-0"]
[WhiteElo "2309"]
[BlackElo "2068"]
[PlyCount "35"]
[EventDate "2016.11.19"]
[EventType "swiss"]
[EventRounds "11"]
[EventCountry "CZE"]
[SourceTitle "CBM 175 Extra"]
[Source "ChessBase"]
[SourceDate "2016.12.12"]
[SourceVersion "1"]
[SourceVersionDate "2016.12.12"]
[SourceQuality "1"]

1. e4 c5 2. Nf3 d6 3. d4 cxd4 4. Nxd4 Nf6 5. Nc3 a6 6. Bc4 e6 7. Bb3 b5 8. 0-0 Be7 9. Qf3 Qb6 10. Be3 Qb7 11. Qg3 0-0 12. Bh6 Ne8 13. Rfe1 Kh8 14. Bg5 Nf6 15. Qh4 Nc6 16. Nxc6 Qxc6 17. Re3 e5 18. Nd5 1-0

[Event "GER-chA Seniors 28th"]
[Site "Niederhausen"]
[Date "2016.08.18"]
[Round "6"]
[White "Sand, Rolf"]
[Black "Villing, Dieter"]
[Result "1-0"]
[WhiteElo "2023"]
[BlackElo "2122"]
[PlyCount "79"]
[EventDate "2016.08.13"]
[EventType "swiss"]
[EventRounds "9"]
[EventCountry "GER"]
[SourceTitle "EXT 2019"]
[Source "ChessBase"]
[SourceDate "2018.10.10"]
[SourceVersion "1"]
[SourceVersionDate "2018.10.10"]
[SourceQuality "1"]

1. c4 e5 2. g3 d6 3. Bg2 f5 4. Nc3 Nf6 5. d3 Be7 6. e4 0-0 7. Nge2 c6 8. 0-0 Na6 9. h3 Qe8 10. exf5 Bxf5 11. g4 Be6 12. f4 Rd8 13. Be3 b6 14. b3 Bxg4 15. hxg4 Nxg4 16. Rf3 d5 17. d4 e4 18. Rg3 Nxe3 19. Rxe3 Nb4 20. cxd5 cxd5 21. Qd2 Qg6 22. Rg3 Qf7 23. Rf1 Bh4 24. Rh3 Bf6 25. Nxe4 dxe4 26. Qxb4 Rfe8 27. Rc1 Qg6 28. Qc4+ Kh8 29. d5 Qf5 30. Re3 Rc8 31. Qa4 Qxd5 32. Rxc8 Rxc8 33. Qxe4 Qd1+ 34. Kh2 h6 35. Qg6 Qd8 36. Bc6 Be7 37. Be4 Qg8 38. Bf5 Bc5 39. Rh3 Bf8 40. Bxc8 1-0

[Event "GER-chA Seniors 28th"]
[Site "Niederhausen"]
[Date "2016.08.15"]
[Round "3"]
[White "Sand, Rolf"]
[Black "Schmitt, Karl"]
[Result "1-0"]
[WhiteElo "2023"]
[BlackElo "1913"]
[PlyCount "91"]
[EventDate "2016.08.13"]
[EventType "swiss"]
[EventRounds "9"]
[EventCountry "GER"]
[SourceTitle "EXT 2019"]
[Source "ChessBase"]
[SourceDate "2018.10.10"]
[SourceVersion "1"]
[SourceVersionDate "2018.10.10"]
[SourceQuality "1"]

1. c4 Nf6 2. g3 g6 3. Bg2 Bg7 4. Nc3 0-0 5. e4 d6 6. Nge2 c5 7. 0-0 Nc6 8. d3 Ne8 9. Be3 Nd4 10. Rb1 Nc7 11. b4 Nce6 12. f4 Rb8 13. f5 Nxe2+ 14. Nxe2 Nd4 15. Nxd4 cxd4 16. Bd2 e5 17. Qf3 f6 18. h4 g5 19. Bh3 h6 20. Bg4 Bd7 21. Rfc1 b5 22. c5 Bc6 23. Qd1 d5 24. Qb3 Kh8 25. Bf3 dxe4 26. Bxe4 Qd7 27. Qd1 Kg8 28. Qf3 Rbc8 29. Kg2 Qb7 30. Bxc6 Qxc6 31. Qxc6 Rxc6 32. a4 a6 33. axb5 axb5 34. Ra1 Rf7 35. Ra5 Rb7 36. Kf3 gxh4 37. gxh4 h5 38. Ke4 Rc8 39. c6 Rb6 40. Kd5 Bf8 41. Ra7 Kh8 42. Rd7 Ra6 43. c7 Kg8 44. Rd8 Raa8 45. Rxc8 Rxc8 46. Ke6 1-0

[Event "Hasselbacken op"]
[Site "Stockholm"]
[Date "2016.05.07"]
[Round "8"]
[White "Kolas, Tore"]
[Black "Sand, Rolf"]
[Result "1-0"]
[WhiteElo "2187"]
[BlackElo "2042"]
[PlyCount "65"]
[EventDate "2016.04.30"]
[EventType "swiss"]
[EventRounds "9"]
[EventCountry "SWE"]
[SourceTitle "CBM 172 Extra"]
[Source "ChessBase"]
[SourceDate "2016.06.21"]
[SourceVersion "1"]
[SourceVersionDate "2016.06.21"]
[SourceQuality "1"]

1. e4 c5 2. Nf3 d6 3. d4 cxd4 4. Nxd4 Nf6 5. Nc3 a6 6. Be2 e5 7. Nb3 Be7 8. Bg5 Be6 9. Bxf6 Bxf6 10. Qd3 0-0 11. 0-0-0 Be7 12. Nd5 Bxd5 13. Qxd5 Nc6 14. Kb1 Qb6 15. Rhf1 a5 16. a4 Nb4 17. Qb5 Qxb5 18. Bxb5 Rfc8 19. c3 Na6 20. Nxa5 Nc5 21. Nc4 Rd8 22. Nb6 Rab8 23. Rfe1 Ne6 24. g3 Nc7 25. Bf1 Kf8 26. b4 g6 27. Bh3 Ke8 28. Rd3 Ne6 29. Bxe6 fxe6 30. Red1 Kf7 31. Kb2 Kg7 32. Kb3 Rf8 33. Nd7 1-0